000 00299nam a22001337a 4500
008 170504b xxu||||| |||| 00| 0 eng d
020 _a9789280810929
041 _aeng
080 _a347
100 _a14
101 _aSHJ
245 _aHUMAN RIGHJT AND SOCIETES
_cHOROWITZ.SH
942 _2udc
_cBK
999 _c12709
_d12709